000
00225nam a2200109Ia 4500
100
_a
New Series
942
_c
BK
654
_a
Fuel
245
_a
Carburetters & Fuel Systems
260
_b
Tempb Press
_c
2001
546
_a
ENGLISH
999
_c
21356
_d
21356